01017nam a22002897a 4500001001300000003000900013005001700022007000300039008003400042040005400076041001000130072000800140090002100148110007900169245009100248260003800339300001100377500002400388650002400412650003400436650001700470650002400487909003600511942000700547999001700554952015600571BR2010002580BR-BrBNA20230928103314.0ta230509b bl.||||| |||| 00| 0 por d aBR-BrBNAbporcBiblioteca Nacional de Agricultura a(Por) aA50  A50 BR20100025801 aCentro de Gestão e Estudos Estratégicos, Brasília, DF (Brasil)915151 aEstudo sobre o papel das organizações estaduais de pesquisa agropecuária (OEPAs)3 aBrasília, DF (Brasil): c2006.  a178 p. a12 tables; 8 illus. aPESQUISA AGRÍCOLA aADMINISTRAÇÃO DE PESQUISA aPLANEJAMENTO aPROJETO DE PESQUISA a202309bLuciac55dLucia Elande cBK c74526d74526 002AGRIS40708AGROBASEa41918b41918l0o A50 BR2010002580pA50 BR2010002580r2023-09-25t01yBK10d2023-09-25ePortaria Interministerial nº 164/94